LEADER 01118nam a2200265 i 4500 001 000000153880 003 CaOOAMICUS 005 20061004000000.0 008 061004s1982 it u000 u mul u 013 $a131226 040 $aSeMil$bita 100 1 $aBrowning, Robert,$d<1812-1889>.$0(OLS)http://semarc/name/23457 245 10$aLiriche e monologhi drammatici /$cRobert Browning ; a cura di Angelo Righetti. 260 $aMilano :$bArnoldo Mondadori Editore,$c1982. 300 $aXL, 357 p. ;$c19 cm. 490 0 $aBiblioteca : collana economica di classici ;$v46 500 $aContiene : Bibliografia. - Testo inglese a fronte. - Fondo Ciprandi. 700 1 $aRighetti, Angelo.$0(OLS)http://semarc/name/60213 830 0$aBiblioteca ;$v46.$0(OLS)http://semarc/title/7577 850 $aSeMil 852 $aSeMil$W1$xVenegono$y1$m1W I 419$j105764$B105764$CSeMilBibl$Z2$F114959 $81 941 1 $a1 961 $aOmaggio: Ciprandi dott. Paolo 996 $6245$aLiriche e monologhi drammatici$9(OLS)http://semarc/title/225149 996 $6260$aMilano :$bArnoldo Mondadori Editore$9(OLS)http://semarc/publisher/30056 LEADER 01188nam a2200253 i 4500 001 000000017646 003 CaOOAMICUS 005 20260423161553.0 008 180830s1925 it u000 u ita u 040 $aSeMil$bita 100 1 $aFustel de Coulanges, Numa-Denis <1830-1889>.$0(OLS)http://semarc/name/8026 245 13$aLa Cittą Antica :$bstudio sul culto, il diritto, le istituzioni di Grecia e di Roma /$cN. D. Fustel de Coulanges ; traduzione di Giulio Ernesto Calapaj. 260 $aBari :$bLaterza & Figli,$c1925. 300 $a2 v. ;$c21 cm. 490 1 $aBiblioteca di cultura moderna 650 4$aGrecia antica - Storia.$0(OLS)http://semarc/subject/114 650 4$aRoma antica - Storia.$0(OLS)http://semarc/subject/503 700 1 $aCalapaj, Giulio Ernesto.$0(OLS)http://semarc/name/8027 774 0 $tVol. 1.$w()73999 774 0 $tVol. 2.$w()160850 830 0$aBiblioteca di cultura moderna.$0(OLS)http://semarc/title/639 996 $6245$aLa Cittą Antica :$bstudio sul culto, il diritto, le istituzioni di Grecia e di Roma$9(OLS)http://semarc/title/23301 996 $6260$aBari :$bLaterza & Figli$9(OLS)http://semarc/publisher/29663